Lowest price or value? - investigation of UK construction clients' tender selection process (Record no. 65370)
[ view plain ]
| 000 -LEADER | |
|---|---|
| fixed length control field | 01265cam a2200277 4500 |
| 001 - CONTROL NUMBER | |
| control field | ABS63120 |
| 008 - FIXED-LENGTH DATA ELEMENTS--GENERAL INFORMATION | |
| fixed length control field | 000000n2000 000 0 eng u |
| 035 ## - SYSTEM CONTROL NUMBER | |
| System control number | (Sirsi) u109491 |
| 100 ## - MAIN ENTRY--PERSONAL NAME | |
| Personal name | Wong, C |
| 245 ## - TITLE STATEMENT | |
| Title | Lowest price or value? - investigation of UK construction clients' tender selection process |
| 260 ## - PUBLICATION, DISTRIBUTION, ETC. | |
| Date of publication, distribution, etc. | 2000 |
| 490 ## - SERIES STATEMENT | |
| Series statement | Construction Management and Economics |
| Volume/sequential designation | 18(7) October/November 2000, 767-774(8) |
| 520 ## - SUMMARY, ETC. | |
| Summary, etc. | Provides insight into the evaluation of contractors' attributes, especially for Project-Specific Criteria (PSC), and looks at the 'lowest-price wins' concept as a means of achieving the best value for money. Describes the methodology and results of research aimed to determine the perceived importance of PSC among construction clients. Key findings indicate a growing trend in the use of PSC and the decline of 'lowest-price' as the obvious selection criteria for clients. Tables. References. |
| 590 ## - LOCAL NOTE (RLIN) | |
| Local note | ABS |
| 650 ## - SUBJECT ADDED ENTRY--TOPICAL TERM | |
| Topical term or geographic name entry element | BEST VALUE |
| 650 ## - SUBJECT ADDED ENTRY--TOPICAL TERM | |
| Topical term or geographic name entry element | TENDERING |
| 650 ## - SUBJECT ADDED ENTRY--TOPICAL TERM | |
| Topical term or geographic name entry element | CONSTRUCTION PROCUREMENT |
| 650 ## - SUBJECT ADDED ENTRY--TOPICAL TERM | |
| Topical term or geographic name entry element | EVALUATION |
| 650 ## - SUBJECT ADDED ENTRY--TOPICAL TERM | |
| Topical term or geographic name entry element | SELECTION |
| 650 ## - SUBJECT ADDED ENTRY--TOPICAL TERM | |
| Topical term or geographic name entry element | BUILDING CONTRACTORS |
| 650 ## - SUBJECT ADDED ENTRY--TOPICAL TERM | |
| Topical term or geographic name entry element | PROCUREMENT METHODS |
| 690 ## - LOCAL SUBJECT ADDED ENTRY--TOPICAL TERM (OCLC, RLIN) | |
| Topical term or geographic name as entry element | Procurement |
| 9 (RLIN) | 6260 |
| 700 ## - ADDED ENTRY--PERSONAL NAME | |
| Personal name | Holt, G |
| 700 ## - ADDED ENTRY--PERSONAL NAME | |
| Personal name | Cooper, P |
| 942 ## - ADDED ENTRY ELEMENTS (KOHA) | |
| Suppress in OPAC | 0 |
| Withdrawn status | Lost status | Source of classification or shelving scheme | Damaged status | Not for loan | Home library | Current library | Shelving location | Date acquired | Total Checkouts | Full call number | Barcode | Date last seen | Copy number | Price effective from | Koha item type |
|---|---|---|---|---|---|---|---|---|---|---|---|---|---|---|---|
| Dewey Decimal Classification | London | London | Journal article | 24/11/2000 | ABS63120 | 109491-1001 | 06/08/2019 | 1 | 06/08/2019 | Journal article |